Manifiesto que hace a la España el fiscal de la causa de conspiración del 7 de julio de último don Juan de Paredes. (Record no. 161419)
[ view plain ]
| 000 -LEADER | |
|---|---|
| campo de control de longitud fija | 00602nam a22001695i 4500 |
| 001 - NÚMERO DE CONTROL | |
| campo de control | 161419 |
| 003 - IDENTIFICADOR DE NÚMERO DE CONTROL | |
| campo de control | ES-MaACL |
| 005 - FECHA Y HORA DE LA ÚLTIMA TRANSACCIÓN | |
| campo de control | 20240510063133.0 |
| 008 - DATOS DE LONGITUD FIJA--INFORMACIÓN GENERAL | |
| campo de control de longitud fija | 990914s1822 sp |||| | spa d |
| 040 ## - FUENTE DE CATALOGACIÓN | |
| Centro catalogador/agencia de origen | CCPB | B |
| Lengua de catalogación | spa |
| Centro/agencia transcriptor | CCPB | B |
| 100 1# - ENTRADA PRINCIPAL--NOMBRE DE PERSONA | |
| Nombre de persona | Paredes, Juan de, |
| Títulos y otros términos asociados al nombre | fiscal |
| 9 (RLIN) | 130848 |
| 245 10 - MENCIÓN DEL TÍTULO | |
| Título | Manifiesto que hace a la España el fiscal de la causa de conspiración del 7 de julio de último don Juan de Paredes. |
| 260 ## - PUBLICACIÓN, DISTRIBUCIÓN, ETC. | |
| Lugar de publicación, distribución, etc. | Madrid : |
| Nombre del editor, distribuidor, etc. | [s.n.], |
| Fecha de publicación, distribución, etc. | 1822 ( |
| Fabricante | Imprenta de Leon Amarita) |
| 300 ## - DESCRIPCIÓN FÍSICA | |
| Extensión | 106, LII p. ; |
| Dimensiones | 22 cm. |
| 852 ## - LOCALIZACIÓN | |
| Ubicación | ES-MaACL |
| Número de control de estantería | R-3306 |
| Nota libre | -- Rúst. |
| Estatus retirado | Estado de pérdida | Estado de daño | No para préstamo | Colección | Biblioteca de origen | Biblioteca actual | Ubicación en estantería | Fecha de adquisición | Total de préstamos | Signatura topográfica completa | Código de barras | Visto por última vez | Precio de reemplazo | Tipo de ítem Koha |
|---|---|---|---|---|---|---|---|---|---|---|---|---|---|---|
| Libros del s. XIX | Biblioteca del Ateneo de Madrid | Biblioteca del Ateneo de Madrid | Depósito | 17/01/2008 | R-3306 | 1169083 | 23/02/2023 | 23/02/2023 | Libro impreso antiguo |
